Welcome to the Holygrace Academy Library

Please use search bar below to get started

THE LEGEND OF SANTA CLAUS (Record no. 8830)

MARC details
000 -LEADER
fixed length control field 00269nam a22001097a 4500
082 ## - DEWEY DECIMAL CLASSIFICATION NUMBER
Classification number 823
Item number OLI/L
100 ## - MAIN ENTRY--AUTHOR NAME
Personal name OLIVER, MARY
245 ## - TITLE STATEMENT
Title THE LEGEND OF SANTA CLAUS
246 ## - VARYING FORM OF TITLE
Title proper/short title THE LEGEND OF SANTA CLAUS
Remainder of title THE LEGEND OF SANTA CLAUS
650 ## - SUBJECT ADDED ENTRY--TOPICAL TERM
Topical Term ENGLISH STORY
942 ## - ADDED ENTRY ELEMENTS (KOHA)
Koha item type Books
Holdings
Withdrawn status Lost status Collection code Home library Current library Date acquired Source of acquisition Full call number Accession Number Koha item type
  Lost Fiction Main Library Main Library 16/05/2005 PURCHASED 823 OLI/L 00684 Books